| 000 | 01149ngm a22002890a 4500 | ||
|---|---|---|---|
| 001 | PT40548 | ||
| 003 | AR-LpoUNG | ||
| 005 | 20210201235904.0 | ||
| 007 | vd cvaizq | ||
| 008 | 191001s2007||||ag |||||||||||||||||spa d | ||
| 040 |
_aAR-LpoUNG _bspa _cAR-LpoUNG _eaacr |
||
| 041 |
_aspa _aeng _apor |
||
| 044 | _aag | ||
| 082 | 0 | _a808.068.8 612tig | |
| 245 | 1 | 0 |
_aMis amigos Tigger y Pooh : _bla película de navidad de los súper detectives |
| 260 |
_aBuenos Aires : _bWalt Disney, _c2007. |
||
| 300 | _aDVD (44 min.) : son., col. | ||
| 505 | 0 | _aHecha en: 2007. - Doblada en Inglés, Portugués y Español. - Subtitulos en Inglés, Portugués y Español. | |
| 520 | _aEs el día antes de Navidad y Pooh y sus amigos ya no pueden esperar. Pero es posible que tengan que esperar mucho más que tan solo un día cuando desaparece el mágico costal de juguetes de Santa, junto con un pequeño reno. Ahora, de ellos depende ayudar a Santa a entregar todos sus regalos a tiempo. | ||
| 653 | _aDVD | ||
| 653 | _aVIDEOS | ||
| 653 | _aVIDEOS DIDACTICOS | ||
| 653 | _aVIDEOS INFANTILES | ||
| 710 | 2 | _aWalt Disney | |
| 905 | _a40548 | ||
| 942 | _cDVD | ||
| 999 |
_c53715 _d53715 |
||